000110189 001__ 110189
000110189 005__ 20220210105258.0
000110189 037__ $$aTAZ-TFG-2021-3636
000110189 041__ $$aspa
000110189 1001_ $$aHerrera Ibáñez, Alicia
000110189 24200 $$aChanges in labour relations experts derived from new technologies
000110189 24500 $$aCambios en la profesión de expertos de relaciones laborales derivados de las nuevas tecnologías
000110189 260__ $$aZaragoza$$bUniversidad de Zaragoza$$c2021
000110189 506__ $$aby-nc-sa$$bCreative Commons$$c3.0$$uhttp://creativecommons.org/licenses/by-nc-sa/3.0/
000110189 520__ $$aLas nuevas tecnologías no solo han transformado la vida cotidiana de las personas, sino que, además, ha impactado en la forma de desarrollar nuevos empleos. Nos encontramos ante un mundo totalmente digital que avanza a una velocidad increíble, pero resulta necesario poder adaptarnos a cada nueva transformación tecnológica para poder avanzar como grandes profesionales expertos en relaciones laborales alcanzando así una posición competitiva en el mercado laboral. Por ello, también resulta imprescindible tener en cuenta  todas aquellas repercusiones o alteraciones que las tecnologías pueden provocar en la sociedad para muchos colectivos tanto de personas jóvenes como de personas más mayores.<br /><br />
000110189 521__ $$aGraduado en Relaciones Laborales y Recursos Humanos
000110189 540__ $$aDerechos regulados por licencia Creative Commons
000110189 700__ $$aGracia Bernal, Amparo$$edir.
000110189 7102_ $$aUniversidad de Zaragoza$$bPsicología y Sociología$$cSociología
000110189 8560_ $$f761726@unizar.es
000110189 8564_ $$s460294$$uhttps://zaguan.unizar.es/record/110189/files/TAZ-TFG-2021-3636.pdf$$yMemoria (spa)
000110189 909CO $$ooai:zaguan.unizar.es:110189$$pdriver$$ptrabajos-fin-grado
000110189 950__ $$a
000110189 951__ $$adeposita:2022-02-10
000110189 980__ $$aTAZ$$bTFG$$cSOCIZ
000110189 999__ $$a20210915201002.CREATION_DATE